[Event "Valdepenas U1600 1st op"]
[Site "Valdepenas"]
[Date "2019.07.28"]
[Round "5.5"]
[White "Gutierrez Fernandez, Rafael"]
[Black "Ariza Lopez, Juan Carlos"]
[Result "0-1"]
[WhiteElo "1360"]
[BlackElo "1480"]
[PlyCount "84"]
[EventDate "2019.07.27"]
[EventType "swiss (rapid)"]
[EventRounds "7"]
[EventCountry "ESP"]
[SourceTitle "EXT 2024"]
[Source "ChessBase"]
[SourceDate "2023.10.10"]
[SourceVersion "1"]
[SourceVersionDate "2023.10.10"]
[SourceQuality "1"]

1. e4 c5 2. Nc3 g6 3. Bc4 Bg7 4. Nf3 d6 5. d3 Nf6 6. e5 dxe5 7. Nxe5 0-0 8. 0-0 a6 9. a4 Nbd7 10. Nf3 Re8 11. Re1 Nf8 12. Ng5 e6 13. Nce4 h6 14. Nxf6+ Qxf6 15. Ne4 Qd8 16. Nxc5 b6 17. Qf3 Ra7 18. Nb3 Rd7 19. Nd2 Nh7 20. Nf1 Bb7 21. Qh3 Ng5 22. Bxg5 Qxg5 23. Rxe6 fxe6 24. Bxe6+ Rxe6 25. Qxe6+ Kh7 26. Ng3 Re7 27. Qxb6 h5 28. Ne4 Bxe4 29. dxe4 Rxe4 30. Qxa6 h4 31. Qd3 Rd4 32. Qf3 Rxa4 33. Rb1 Bxb2 34. h3 Bg7 35. Qb3 Ra1 36. c4 Be5 37. Qb7+ Kh6 38. Rxa1 Bxa1 39. Qf3 Be5 40. Qd1 Qf4 41. g3 hxg3 42. Qg4 Qxf2+ 0-1

[Event "Valdepenas U1600 1st op"]
[Site "Valdepenas"]
[Date "2019.07.27"]
[Round "1.7"]
[White "Baos Merlo, Jose Miguel"]
[Black "Ariza Lopez, Juan Carlos"]
[Result "0-1"]
[WhiteElo "1096"]
[BlackElo "1480"]
[PlyCount "94"]
[EventDate "2019.07.27"]
[EventType "swiss (rapid)"]
[EventRounds "7"]
[EventCountry "ESP"]
[SourceTitle "EXT 2024"]
[Source "ChessBase"]
[SourceDate "2023.10.10"]
[SourceVersion "1"]
[SourceVersionDate "2023.10.10"]
[SourceQuality "1"]

1. e4 c5 2. Nf3 g6 3. Bc4 Bg7 4. 0-0 d6 5. d3 Nf6 6. Nc3 Nc6 7. Be3 0-0 8. Qd2 Bg4 9. Ng5 h6 10. f3 Bd7 11. Nh3 Bxh3 12. gxh3 Kh7 13. Kh1 e6 14. f4 Rh8 15. e5 dxe5 16. fxe5 Nxe5 17. Rad1 Qc7 18. Bf4 Qc6+ 19. Qg2 Qxg2+ 20. Kxg2 Nxc4 21. dxc4 Rhd8 22. Rxd8 Rxd8 23. Be5 Rd2+ 24. Kg1 Nh5 25. Rxf7 Kg8 26. Rxb7 Bxe5 27. Rxa7 Rxc2 28. Ra8+ Kf7 29. Ra7+ Kf6 30. Ne4+ Kf5 31. Ng3+ Nxg3 32. hxg3 Bxg3 33. Ra3 Bf2+ 34. Kg2 Bd4+ 35. Kf1 Rxb2 36. Rf3+ Ke4 37. Rg3 g5 38. Rg4+ Kf5 39. Rg3 Rf2+ 40. Ke1 Rxa2 41. Rf3+ Ke4 42. Rb3 e5 43. Rg3 Kf4 44. Rb3 h5 45. Kf1 g4 46. hxg4 hxg4 47. Rd3 g3 0-1